[Event "IECG CB.2008.0.00178 email"]
[Site "IECG email"]
[Date "2008.01.11"]
[Round "?"]
[White "Gonzaga Grego, Luis Jose"]
[Black "Rebaudo, Nino"]
[Result "1/2-1/2"]
[WhiteElo "1942"]
[BlackElo "1971"]
[PlyCount "59"]
[EventDate "2008.01.11"]
[EventType "tourn (corr)"]
[EventRounds "6"]
[SourceTitle "Corr 2011"]
[Source "ChessBase"]
[SourceDate "2010.08.31"]
[SourceVersion "1"]
[SourceVersionDate "2010.08.31"]
[SourceQuality "1"]

1. e4 c5 2. Nf3 d6 3. d4 cxd4 4. Nxd4 Nf6 5. Nc3 a6 6. Bc4 e6 7. Bb3 b5 8. Bg5 Be7 9. 0-0 0-0 10. Re1 h6 11. Bh4 Bb7 12. Bxe6 fxe6 13. Nxe6 Qc8 14. Nxf8 Qxf8 15. a4 b4 16. Bxf6 Bxf6 17. Nd5 a5 18. Nxf6+ Qxf6 19. c3 Na6 20. f3 Nc5 21. cxb4 axb4 22. a5 Kh8 23. Kh1 Bc6 24. Re2 Qf4 25. Re1 Qf6 26. Re2 Ra6 27. Rc2 Qe5 28. Qe2 Ra8 29. Qc4 Ba4 30. Re2 1/2-1/2

[Event "IECG CA.2007.0.00182 email"]
[Site "IECG email"]
[Date "2007.01.18"]
[Round "?"]
[White "Lo Conte, Vittorio"]
[Black "Rebaudo, Nino"]
[Result "0-1"]
[WhiteElo "2028"]
[BlackElo "2024"]
[PlyCount "114"]
[EventDate "2007.01.18"]
[EventType "tourn (corr)"]
[EventRounds "6"]
[SourceTitle "Corr 2008"]
[Source "ChessBase"]
[SourceDate "2008.06.24"]
[SourceVersion "1"]
[SourceVersionDate "2008.06.24"]
[SourceQuality "1"]

1. e4 e5 2. f4 exf4 3. Nf3 d6 4. d4 g5 5. h4 g4 6. Ng1 Bh6 7. Nc3 Be6 8. Qd3 a6 9. Bd2 Nc6 10. Nd5 Bxd5 11. exd5 Nce7 12. c4 Qd7 13. Ne2 Qf5 14. Nc3 Nf6 15. 0-0-0 0-0 16. Re1 Rae8 17. Be2 Qh5 18. Rhf1 Ng6 19. Kb1 Kg7 20. Rh1 Re7 21. Qc2 Rfe8 22. Ka1 b5 23. cxb5 axb5 24. Bxb5 Rxe1+ 25. Bxe1 Rb8 26. Be2 Ne7 27. Qd1 Kf8 28. Bd2 Nexd5 29. Bxg4 Nxg4 30. Nxd5 Qxd5 31. Qxg4 Bg7 32. Qf3 Qxf3 33. gxf3 Bxd4 34. Bc3 Be3 35. Rd1 Ke7 36. a4 Ke6 37. Kb1 c5 38. Kc2 d5 39. b3 Rg8 40. Ra1 Rg2+ 41. Kd3 Kd6 42. a5 Kc7 43. a6 Kb8 44. a7+ Ka8 45. Ra6 Rf2 46. Rh6 Rxf3 47. Bd2 c4+ 48. bxc4 dxc4+ 49. Kc3 Rf2 50. Bxe3 fxe3 51. Rxh7 Kxa7 52. Rh8 f5 53. Kxc4 e2 54. Rh7+ Kb6 55. Re7 f4 56. Re8 f3 57. Kd3 Rh2 0-1

[Event "FICGS W-ch st1 g15 email"]
[Site "FICGS email"]
[Date "2007.01.16"]
[Round "1"]
[White "Rebaudo, Nino"]
[Black "Forlot, Dominique"]
[Result "1-0"]
[WhiteElo "1700"]
[BlackElo "1437"]
[PlyCount "29"]
[EventDate "2007.??.??"]
[EventType "tourn (corr)"]
[EventRounds "8"]
[SourceTitle "Corr 2022"]
[Source "ChessBase"]
[SourceDate "2021.10.24"]
[SourceVersion "1"]
[SourceVersionDate "2021.10.24"]
[SourceQuality "1"]

1. e4 c5 2. Nf3 Nc6 3. d4 cxd4 4. Nxd4 e5 5. Nb5 a6 6. Nd6+ Bxd6 7. Qxd6 Qe7 8. Qd1 Nf6 9. Nc3 0-0 10. Bg5 Qb4 11. Bxf6 gxf6 12. Qg4+ Kh8 13. 0-0-0 d5 14. Qh4 Kg7 15. Nxd5 1-0

[Event "FICGS W-ch st1 g15 email"]
[Site "FICGS email"]
[Date "2007.01.16"]
[Round "1"]
[White "Rebaudo, Nino"]
[Black "Plante, Marc Eric"]
[Result "0-1"]
[WhiteElo "1700"]
[BlackElo "2021"]
[PlyCount "74"]
[EventDate "2007.??.??"]
[EventType "tourn (corr)"]
[EventRounds "8"]
[SourceTitle "Corr 2022"]
[Source "ChessBase"]
[SourceDate "2021.10.24"]
[SourceVersion "1"]
[SourceVersionDate "2021.10.24"]
[SourceQuality "1"]

1. e4 c5 2. Nf3 d6 3. d4 cxd4 4. Nxd4 Nf6 5. Nc3 a6 6. Be2 e6 7. 0-0 Be7 8. f4 0-0 9. a4 Qc7 10. Kh1 Nc6 11. Be3 Re8 12. Bf3 Bd7 13. Nb3 b6 14. g4 Bc8 15. g5 Nd7 16. Bg2 Bb7 17. Qg4 Nb4 18. Rf2 Bf8 19. Nd4 d5 20. e5 Bc5 21. Nce2 b5 22. Qh5 bxa4 23. Rf3 Rac8 24. Rh3 Nf8 25. Qh4 Bxd4 26. Nxd4 Nxc2 27. Rc1 Qb6 28. Rxc2 Rxc2 29. Nxc2 Qxb2 30. Qf2 Rc8 31. Ne1 a3 32. Bd4 Qb4 33. Nd3 Qb1+ 34. Qf1 a2 35. Rf3 Rc4 36. Ba1 d4 37. Rf2 Rc3 0-1

[Event "FICGS class D 000025 email"]
[Site "FICGS email"]
[Date "2007.01.09"]
[Round "1"]
[White "Rebaudo, Nino"]
[Black "Caburro, John"]
[Result "1-0"]
[WhiteElo "1700"]
[BlackElo "1449"]
[PlyCount "37"]
[EventDate "2007.??.??"]
[EventType "tourn (corr)"]
[EventRounds "6"]
[SourceTitle "Corr 2022"]
[Source "ChessBase"]
[SourceDate "2021.10.24"]
[SourceVersion "1"]
[SourceVersionDate "2021.10.24"]
[SourceQuality "1"]

1. e4 e5 2. Nf3 Nf6 3. Nxe5 d6 4. Nf3 Nxe4 5. d4 d5 6. Bd3 Nf6 7. 0-0 Be7 8. c4 Bg4 9. Nc3 0-0 10. cxd5 Nxd5 11. Be4 Nxc3 12. bxc3 c6 13. Qb3 Qc7 14. Ne5 Be6 15. Qc2 f5 16. Bd3 Nd7 17. Nf3 Kh8 18. Re1 Qd6 19. Qe2 1-0

[Event "SEMI A056 email"]
[Site "SEMI email"]
[Date "2005.11.10"]
[Round "?"]
[White "Rebaudo, Nino"]
[Black "D'Agosta, Roberto"]
[Result "1-0"]
[WhiteElo "2097"]
[BlackElo "1800"]
[PlyCount "35"]
[EventDate "2005.11.10"]
[EventType "tourn (corr)"]
[EventRounds "6"]
[EventCountry "ITA"]
[SourceTitle "Corr 2008"]
[Source "ChessBase"]
[SourceDate "2008.06.24"]
[SourceVersion "1"]
[SourceVersionDate "2008.06.24"]
[SourceQuality "1"]

1. e4 c5 2. Nf3 d6 3. d4 cxd4 4. Nxd4 Nf6 5. Nc3 a6 6. Be2 e5 7. Nb3 Be7 8. 0-0 0-0 9. Kh1 Be6 10. f4 Qc7 11. f5 Bc4 12. g4 b5 13. g5 Nfd7 14. f6 Bd8 15. Be3 Nb6 16. Bxb6 Qxb6 17. Bxc4 bxc4 18. Qh5 1-0

[Event "SEMI A056 email"]
[Site "SEMI email"]
[Date "2005.11.10"]
[Round "?"]
[White "Rebaudo, Nino"]
[Black "Sbernini, Daniele"]
[Result "1-0"]
[WhiteElo "2097"]
[BlackElo "1800"]
[PlyCount "71"]
[EventDate "2005.11.10"]
[EventType "tourn (corr)"]
[EventRounds "6"]
[EventCountry "ITA"]
[SourceTitle "Corr 2008"]
[Source "ChessBase"]
[SourceDate "2008.06.24"]
[SourceVersion "1"]
[SourceVersionDate "2008.06.24"]
[SourceQuality "1"]

1. d4 e6 2. e4 d5 3. Nc3 Nf6 4. Bg5 Bb4 5. e5 h6 6. Bd2 Bxc3 7. bxc3 Ne4 8. Qg4 g6 9. Bd3 Nxd2 10. Kxd2 c5 11. h4 Nc6 12. Nf3 Qc7 13. dxc5 Bd7 14. Rab1 Rc8 15. Qf4 Na5 16. h5 g5 17. Qf6 Rf8 18. Qxh6 Qxc5 19. Ke2 Qxc3 20. Qxg5 Ba4 21. Ne1 b5 22. h6 Nc6 23. h7 Rh8 24. Rh5 Kd7 25. Qd2 Qc5 26. c3 a5 27. Nf3 b4 28. Rc1 Ne7 29. c4 Bb5 30. Rh4 Ba6 31. Kf1 Ng6 32. Bxg6 fxg6 33. Kg1 a4 34. Ng5 b3 35. axb3 axb3 36. Rf4 1-0

[Event "SEMI A053 email"]
[Site "SEMI email"]
[Date "2005.04.10"]
[Round "?"]
[White "O'Hara, Matthew D"]
[Black "Rebaudo, Nino"]
[Result "1/2-1/2"]
[WhiteElo "2156"]
[BlackElo "2097"]
[PlyCount "45"]
[EventDate "2005.04.10"]
[EventType "tourn (corr)"]
[EventRounds "6"]
[EventCountry "ITA"]
[SourceTitle "Corr 2008"]
[Source "ChessBase"]
[SourceDate "2008.06.24"]
[SourceVersion "1"]
[SourceVersionDate "2008.06.24"]
[SourceQuality "1"]

1. e4 d6 2. d4 Nf6 3. Nc3 g6 4. Bg5 Bg7 5. Qd2 h6 6. Bf4 g5 7. Bg3 Nh5 8. 0-0-0 Nd7 9. f4 Nxf4 10. Bxf4 gxf4 11. Nf3 e5 12. Kb1 0-0 13. Be2 exd4 14. Nxd4 Ne5 15. Qxf4 Nc6 16. Nf3 Qf6 17. Qc1 Be6 18. Rhe1 Ne5 19. Rf1 Nxf3 20. Rxf3 Qg5 21. Qxg5 hxg5 22. Nd5 Bxd5 23. Rxd5 1/2-1/2

[Event "SEMI A053 email"]
[Site "SEMI email"]
[Date "2005.04.10"]
[Round "?"]
[White "Rebaudo, Nino"]
[Black "Zaniratti, Ivano"]
[Result "0-1"]
[WhiteElo "2097"]
[BlackElo "2097"]
[PlyCount "146"]
[EventDate "2005.04.10"]
[EventType "tourn (corr)"]
[EventRounds "6"]
[EventCountry "ITA"]
[SourceTitle "Corr 2008"]
[Source "ChessBase"]
[SourceDate "2008.06.24"]
[SourceVersion "1"]
[SourceVersionDate "2008.06.24"]
[SourceQuality "1"]

1. d4 Nf6 2. c4 g6 3. Nc3 Bg7 4. e4 d6 5. f3 0-0 6. Be3 e5 7. d5 c6 8. Bd3 cxd5 9. cxd5 Nh5 10. Nge2 f5 11. exf5 gxf5 12. 0-0 Nd7 13. Rc1 Nc5 14. Bb1 a5 15. f4 e4 16. Nd4 Nf6 17. h3 Bd7 18. Ndb5 Be8 19. Re1 Qd7 20. Bd4 b6 21. Re3 a4 22. Qd2 Kh8 23. Bc2 Rg8 24. b3 axb3 25. axb3 Qe7 26. Rg3 h6 27. b4 Na6 28. Rb1 Kh7 29. Ba4 Nh5 30. Rxg7+ Nxg7 31. Bxb6 Nb8 32. Ba5 Bd7 33. Bd1 Ne8 34. Qf2 Bxb5 35. Nxb5 Qb7 36. Qb6 Qg7 37. Qf2 Nd7 38. Bb3 Rb8 39. Na7 Nc5 40. bxc5 Qxa7 41. Bb6 Qa6 42. Kh2 Rg6 43. cxd6 Nxd6 44. Bd4 Rbg8 45. Rg1 Qd3 46. Bd1 Rg3 47. Qb2 e3 48. Be5 Rxh3+ 49. gxh3 Rxg1 50. Be2 Qb1 51. Qxb1 Rxb1 52. Kg3 Ne4+ 53. Kf3 Rb3 54. Ba6 Kg6 55. Bc8 Rd3 56. Be6 h5 57. Ke2 Ra3 58. d6 Nxd6 59. Bxd6 Ra6 60. Be5 Rxe6 61. Bd4 Ra6 62. Bxe3 Ra3 63. h4 Rb3 64. Kf3 Kf6 65. Ke2 Ke7 66. Kf3 Kf7 67. Ke2 Ke6 68. Bc5 Rh3 69. Bf2 Rh2 70. Kf3 Rxf2+ 71. Kxf2 Kd5 72. Ke3 Kc4 73. Kf2 Kd4 0-1

[Event "SEMI A050 email"]
[Site "SEMI email"]
[Date "2004.10.01"]
[Round "?"]
[White "Giorgetti, Fosco"]
[Black "Rebaudo, Nino"]
[Result "1/2-1/2"]
[WhiteElo "2043"]
[BlackElo "2097"]
[PlyCount "49"]
[EventDate "2004.10.01"]
[EventType "tourn (corr)"]
[EventRounds "6"]
[EventCountry "ITA"]
[SourceTitle "Corr 2008"]
[Source "ChessBase"]
[SourceDate "2008.06.24"]
[SourceVersion "1"]
[SourceVersionDate "2008.06.24"]
[SourceQuality "1"]

1. b4 e5 2. Bb2 Bxb4 3. Bxe5 Nf6 4. Nc3 Be7 5. Rb1 d6 6. Bxf6 Bxf6 7. Nd5 Nd7 8. Nf3 0-0 9. e3 c6 10. Nxf6+ Nxf6 11. Be2 Qa5 12. Rb2 Bd7 13. c4 Rfe8 14. Rxb7 Qxa2 15. 0-0 a5 16. Qa1 Qxa1 17. Rxa1 a4 18. Rb6 h6 19. Bd1 a3 20. Rb3 Ra4 21. c5 Rea8 22. cxd6 R4a5 23. d4 Be6 24. Rc3 a2 25. Bc2 1/2-1/2

[Event "SEMI W-ch5 LG prel-A (Hage mem) email"]
[Site "SEMI email"]
[Date "2002.10.15"]
[Round "?"]
[White "Rebaudo, Nino"]
[Black "Sakai, Kiyotaka"]
[Result "1/2-1/2"]
[WhiteElo "1930"]
[BlackElo "2480"]
[PlyCount "130"]
[EventDate "2002.10.15"]
[EventType "tourn (corr)"]
[EventRounds "8"]
[EventCountry "ITA"]
[SourceTitle "Corr 2008"]
[Source "ChessBase"]
[SourceDate "2008.06.24"]
[SourceVersion "1"]
[SourceVersionDate "2008.06.24"]
[SourceQuality "1"]

1. e4 e5 2. Nf3 f5 3. Nxe5 Qf6 4. d4 d6 5. Nc4 fxe4 6. Be2 Nc6 7. d5 Ne5 8. 0-0 Nxc4 9. Bxc4 Qg6 10. f3 exf3 11. Qxf3 Nf6 12. Qb3 a6 13. Nc3 Be7 14. Bf4 0-0 15. Rae1 Rf7 16. Bd3 Qh5 17. Bg3 b6 18. Ne2 a5 19. Nf4 Qg4 20. Ne6 Bxe6 21. dxe6 Rff8 22. Qb5 Qb4 23. c3 Qxb5 24. Bxb5 Rac8 25. h3 c6 26. Ba6 Rb8 27. Bd3 b5 28. Bh2 a4 29. g4 h6 30. Bc2 Rb7 31. Kg2 c5 32. Re2 d5 33. Rd1 Rb6 34. Bf5 a3 35. bxa3 Ra8 36. a4 Rxa4 37. Be5 Rba6 38. Bxf6 gxf6 39. Rxd5 Rxa2 40. Kf3 Rxe2 41. Kxe2 Rd6 42. Rxc5 Rd2+ 43. Kxd2 Bxc5 44. Bd3 b4 45. cxb4 Bxb4+ 46. Ke3 Kf8 47. Ke4 Ke7 48. Bc4 Bd2 49. Bb3 Bc1 50. Kf5 Bd2 51. Bd5 Bg5 52. Bg2 Bd2 53. Bh1 Bg5 54. Be4 Bd2 55. h4 Be1 56. h5 Bd2 57. Bh1 Bg5 58. Bg2 Bd2 59. Bc6 Bg5 60. Ba4 Bd2 61. Bb3 Bg5 62. Ba2 Bd2 63. Bc4 Bg5 64. Bd5 Bd2 65. Bf3 Bg5 1/2-1/2

[Event "SEMI W-ch5 LG prel-A (Hage mem) email"]
[Site "SEMI email"]
[Date "2002.10.15"]
[Round "?"]
[White "Rebaudo, Nino"]
[Black "Stephen, Zachary"]
[Result "1-0"]
[WhiteElo "1930"]
[BlackElo "2200"]
[PlyCount "29"]
[EventDate "2002.10.15"]
[EventType "tourn (corr)"]
[EventRounds "8"]
[EventCountry "ITA"]
[SourceTitle "Corr 2008"]
[Source "ChessBase"]
[SourceDate "2008.06.24"]
[SourceVersion "1"]
[SourceVersionDate "2008.06.24"]
[SourceQuality "1"]

1. e4 e5 2. Nf3 f5 3. Nxe5 Qf6 4. Nc4 fxe4 5. Nc3 Qf7 6. Ne3 c6 7. Nxe4 d5 8. Ng5 Qf6 9. Nf3 Bd6 10. d4 Ne7 11. c4 0-0 12. Qb3 Be6 13. c5 Bf4 14. Qxb7 g5 15. Qxa8 1-0

[Event "SEMI W-ch5 LG prel-A (Hage mem) email"]
[Site "SEMI email"]
[Date "2002.10.15"]
[Round "?"]
[White "Stephen, Zachary"]
[Black "Rebaudo, Nino"]
[Result "1-0"]
[WhiteElo "2200"]
[BlackElo "1930"]
[PlyCount "49"]
[EventDate "2002.10.15"]
[EventType "tourn (corr)"]
[EventRounds "8"]
[EventCountry "ITA"]
[SourceTitle "Corr 2008"]
[Source "ChessBase"]
[SourceDate "2008.06.24"]
[SourceVersion "1"]
[SourceVersionDate "2008.06.24"]
[SourceQuality "1"]

1. e4 e5 2. Nf3 f5 3. exf5 e4 4. Ne5 Nf6 5. Be2 d5 6. Bh5+ Ke7 7. d3 Rg8 8. Nc3 c6 9. 0-0 Bxf5 10. dxe4 dxe4 11. Qe2 g6 12. Bg5 gxh5 13. Qxh5 Rg7 14. Rad1 Qc7 15. f4 h6 16. Qxh6 Rxg5 17. Qxg5 Ke6 18. Nxe4 Bxe4 19. f5+ Ke7 20. Ng4 Qb6+ 21. Kh1 Nbd7 22. Rfe1 Qb4 23. Rxe4+ Qxe4 24. Rxd7+ Kxd7 25. Nxf6+ 1-0

[Event "SEMI A037 email"]
[Site "SEMI email"]
[Date "2002.08.26"]
[Round "?"]
[White "Santilli, Enrico"]
[Black "Rebaudo, Nino"]
[Result "1-0"]
[WhiteElo "1800"]
[BlackElo "1930"]
[PlyCount "87"]
[EventDate "2002.08.26"]
[EventType "tourn (corr)"]
[EventRounds "5"]
[EventCountry "ITA"]
[SourceTitle "Telechess CBM 097"]
[Source "ChessBase"]
[SourceDate "2003.11.11"]
[SourceVersion "1"]
[SourceVersionDate "2003.11.11"]
[SourceQuality "1"]

1. e4 d6 2. f4 g6 3. g3 Bg7 4. Bg2 e5 5. Ne2 Nc6 6. Nbc3 Nf6 7. d3 0-0 8. fxe5 dxe5 9. h3 Qd6 10. Be3 Be6 11. Qd2 Nd4 12. g4 Nd7 13. Ng3 Nc5 14. 0-0 c6 15. Rf2 a5 16. Raf1 b5 17. Nf5 gxf5 18. exf5 b4 19. Ne4 Nxe4 20. Bxe4 Bxf5 21. gxf5 f6 22. Kh1 Kh8 23. Rg2 Rg8 24. Rfg1 Qd7 25. Qf2 Nb5 26. Qh4 Nd6 27. Rg4 Nf7 28. d4 Qe7 29. Bxc6 Rad8 30. d5 Rdf8 31. c4 bxc3 32. bxc3 Rb8 33. c4 Qa3 34. Qg3 Qf8 35. Bd7 Bh6 36. Rxg8+ Qxg8 37. Qxg8+ Rxg8 38. Rxg8+ Kxg8 39. Bxh6 Nxh6 40. Be6+ Kg7 41. d6 Nf7 42. Bxf7 Kxf7 43. c5 Ke8 44. c6 1-0

[Event "SEMI A036 email"]
[Site "SEMI email"]
[Date "2002.08.05"]
[Round "?"]
[White "Sorroche Lupion, Francisco"]
[Black "Rebaudo, Nino"]
[Result "1-0"]
[WhiteElo "2145"]
[BlackElo "1930"]
[PlyCount "101"]
[EventDate "2002.08.05"]
[EventType "swiss (corr)"]
[EventRounds "6"]
[EventCountry "ITA"]
[SourceTitle "Telechess CBM 097"]
[Source "ChessBase"]
[SourceDate "2003.11.11"]
[SourceVersion "1"]
[SourceVersionDate "2003.11.11"]
[SourceQuality "1"]

1. e4 e5 2. Bc4 Nf6 3. d3 c6 4. Nf3 Be7 5. 0-0 d6 6. Re1 0-0 7. Nbd2 Nbd7 8. a3 a5 9. Qe2 Qc7 10. d4 exd4 11. Nxd4 Re8 12. Qf3 Ne5 13. Qg3 Nxc4 14. Nxc4 b5 15. e5 dxe5 16. Nxe5 Bf8 17. Bd2 Bd7 18. Nexc6 Qb6 19. Bxa5 Rxe1+ 20. Rxe1 Rxa5 21. Nxa5 Qxd4 22. Rb1 Qd2 23. Qc7 Bf5 24. Qc3 Qf4 25. g3 Qg4 26. f3 Qa4 27. Rd1 Qxc2 28. Qxc2 Bxc2 29. Rd8 g5 30. Nc6 Kg7 31. b4 Bb3 32. Nd4 Bc4 33. Nf5+ Kg6 34. g4 Bg7 35. Ne7+ Kh6 36. Rb8 Be2 37. Kf2 Bc4 38. Ke3 Bf1 39. Rb6 Bc4 40. h3 Be6 41. Rxb5 Bf8 42. Nf5+ Kg6 43. Kd4 h5 44. a4 Bd7 45. Rb8 hxg4 46. fxg4 Bxf5 47. gxf5+ Kg7 48. Rb6 Nd7 49. Rb7 Nf6 50. a5 Bd6 51. a6 1-0

[Event "SEMI Modern Defence-A  email"]
[Site "SEMI email"]
[Date "2002.04.10"]
[Round "?"]
[White "Sabbatini, Giuseppe"]
[Black "Rebaudo, Nino"]
[Result "1-0"]
[WhiteElo "2086"]
[BlackElo "1870"]
[PlyCount "103"]
[EventDate "2002.04.10"]
[EventType "tourn (corr)"]
[EventRounds "8"]
[EventCountry "ITA"]
[SourceTitle "Telechess CBM 097"]
[Source "ChessBase"]
[SourceDate "2003.11.11"]
[SourceVersion "1"]
[SourceVersionDate "2003.11.11"]
[SourceQuality "1"]

1. e4 g6 2. d4 Nf6 3. e5 Nh5 4. Nf3 d6 5. Bc4 Nc6 6. 0-0 Bg7 7. Ng5 0-0 8. g4 d5 9. Bd3 h6 10. gxh5 hxg5 11. c3 Bh3 12. hxg6 fxg6 13. Bxg6 g4 14. Re1 e6 15. Bc2 Qh4 16. Be3 Ne7 17. Nd2 Nf5 18. Bf4 Qh5 19. Bg3 Rf7 20. Bxf5 Qxf5 21. Nf1 Raf8 22. Ne3 Qg6 23. Qb1 Kh7 24. c4 dxc4 25. d5 exd5 26. Qxg6+ Kxg6 27. Nxd5 c6 28. Ne3 c3 29. bxc3 Re8 30. Ng2 Bxg2 31. Kxg2 Kf5 32. Re3 Bxe5 33. f4 gxf3+ 34. Rxf3+ Kg6 35. Rxf7 Kxf7 36. Rf1+ Bf6 37. Bh4 Re2+ 38. Kg1 Re6 39. Bxf6 Rxf6 40. Rxf6+ Kxf6 41. Kf2 Kf5 42. Ke3 Ke5 43. h4 Kf5 44. Kd4 b6 45. h5 Kf6 46. a3 Kg5 47. Ke5 Kxh5 48. Kd6 c5 49. Kc6 Kg5 50. Kb7 b5 51. Kxa7 Kf5 52. Kb6 1-0